[Event "XXII Russian Chess Championship 2015 (men)"]
[Site "Sochi"]
[Date "2015.05.05"]
[Round "5.4"]
[White "Wang, Yue"]
[Black "Rublevsky, Sergei"]
[Result "1/2-1/2"]
[LiveChessVersion "1.4.4"]
[BlackElo "2698"]
[WhiteElo "2724"]
[BlackTeam "University"]
[WhiteTeam "Siberia"]

1. Nf3 {[%clk 1:30:52]} d5 {[%clk 1:30:53]} 2. g3 {[%clk 1:31:04]} Bg4
{[%clk 1:30:30]} 3. Bg2 {[%clk 1:31:07]} c6 {[%clk 1:30:31]} 4. c4
{[%clk 1:31:12]} e6 {[%clk 1:30:47]} 5. cxd5 {[%clk 1:31:21]} Bxf3
{[%clk 1:30:35]} 6. Bxf3 {[%clk 1:31:43]} cxd5 {[%clk 1:31:02]} 7. O-O
{[%clk 1:31:42]} Nc6 {[%clk 1:31:24]} 8. Nc3 {[%clk 1:31:50]} Nf6
{[%clk 1:31:07]} 9. d4 {[%clk 1:32:08]} Be7 {[%clk 1:28:57]} 10. e3
{[%clk 1:32:23]} O-O {[%clk 1:28:33]} 11. Bd2 {[%clk 1:32:35]} Nd7
{[%clk 1:22:18]} 12. Qe2 {[%clk 1:31:19]} Nb6 {[%clk 1:21:38]} 13. Rfd1
{[%clk 1:31:20]} Rc8 {[%clk 1:18:56]} 14. Be1 {[%clk 1:30:44]} Qd7
{[%clk 1:16:12]} 15. Rac1 {[%clk 1:30:17]} a6 {[%clk 1:12:31]} 16. Bg2
{[%clk 1:03:51]} Rc7 {[%clk 1:09:31]} 17. e4 {[%clk 0:58:23]} dxe4
{[%clk 1:03:50]} 18. Bxe4 {[%clk 0:32:07]} Nb4 {[%clk 0:57:05]} 19. a3
{[%clk 0:22:52]} N4d5 {[%clk 0:55:54]} 20. Nxd5 {[%clk 0:22:47]} Nxd5
{[%clk 0:55:21]} 21. Rxc7 {[%clk 0:16:43]} Qxc7 {[%clk 0:55:23]} 22. Bxd5
{[%clk 0:14:53]} exd5 {[%clk 0:55:46]} 23. Bd2 {[%clk 0:13:06]} Qd7
{[%clk 0:46:15]} 24. Rc1 {[%clk 0:13:17]} Bf6 {[%clk 0:43:00]} 25. Be3
{[%clk 0:11:17]} Rc8 {[%clk 0:39:25]} 26. Rxc8+ {[%clk 0:10:31]} Qxc8
{[%clk 0:39:50]} 27. Kg2 {[%clk 0:10:40]} Qe6 {[%clk 0:36:21]} 28. Qd3
{[%clk 0:10:04]} h5 {[%clk 0:34:11]} 29. h3 {[%clk 0:10:25]} b5 {[%clk 0:33:40]}
30. Qc2 {[%clk 0:07:38]} g6 {[%clk 0:29:34]} 31. b3 {[%clk 0:06:02]} Kg7
{[%clk 0:18:02]} 32. a4 {[%clk 0:06:17]} bxa4 {[%clk 0:18:26]} 33. bxa4
{[%clk 0:06:45]} Kh7 {[%clk 0:18:40]} 34. Qd3 {[%clk 0:05:55]} Qc6
{[%clk 0:18:27]} 35. Qb3 {[%clk 0:06:16]} Kg7 {[%clk 0:18:19]} 36. g4
{[%clk 0:04:43]} hxg4 {[%clk 0:11:59]} 37. hxg4 {[%clk 0:05:11]} Qe6
{[%clk 0:12:24]} 38. f3 {[%clk 0:04:54]} Bh4 {[%clk 0:12:19]} 39. Qd3
{[%clk 0:02:47]} Qc6 {[%clk 0:09:52]} 40. Qb3 {[%clk 0:32:30]} Qc4
{[%clk 0:37:00]} 41. Qxc4 {[%clk 0:19:14]} dxc4 {[%clk 0:37:26]} 42. d5
{[%clk 0:17:57]} Kf6 {[%clk 0:35:20]} 43. f4 {[%clk 0:18:02]} Ke7
{[%clk 0:33:35]} 44. Bc5+ {[%clk 0:14:31]} Kd7 {[%clk 0:33:57]} 45. Kf3
{[%clk 0:14:56]} Be7 {[%clk 0:29:24]} 46. Bxe7 {[%clk 0:13:44]} Kxe7
{[%clk 0:29:48]} 47. Ke4 {[%clk 0:14:11]} Kd6 {[%clk 0:29:37]} 48. Kd4
{[%clk 0:14:20]} c3 {[%clk 0:29:37]} 49. Kxc3 {[%clk 0:14:41]} Kxd5
{[%clk 0:30:03]} 50. Kd3 {[%clk 0:03:27]} f6 {[%clk 0:28:51]} 51. a5
{[%clk 0:03:27]} f5 {[%clk 0:18:26]} 52. g5 {[%clk 0:03:30]} Kc5 {[%clk 0:18:44]}
53. Kc3 {[%clk 0:03:58]} Kd5 {[%clk 0:16:32]} 54. Kd3 {[%clk 0:04:21]} Kc5
{[%clk 0:15:33]} 55. Kc3 {[%clk 0:04:44]} Kd5 {[%clk 0:14:49]} 56. Kd3
{[%clk 0:04:32]} Kc5 {[%clk 0:15:12]} 57. Ke4 1/2-1/2

[Event "XXII Russian Chess Championship 2015 (men)"]
[Site "Sochi"]
[Date "2015.05.05"]
[Round "5.9"]
[White "Goryachkina, Aleksandra"]
[Black "Frolyanov, Dmitry"]
[Result "1-0"]
[LiveChessVersion "1.4.4"]
[BlackElo "2569"]
[WhiteElo "2474"]
[BlackTeam "Zhiguli"]
[WhiteTeam "Yamal"]

1. d4 {[%clk 1:30:54]} d5 {[%clk 1:30:51]} 2. c4 {[%clk 1:31:17]} e6
{[%clk 1:31:17]} 3. Nf3 {[%clk 1:31:40]} Nf6 {[%clk 1:31:41]} 4. g3
{[%clk 1:31:38]} dxc4 {[%clk 1:31:58]} 5. Bg2 {[%clk 1:31:13]} Nc6
{[%clk 1:32:20]} 6. Qa4 {[%clk 1:30:30]} Bb4+ {[%clk 1:32:10]} 7. Bd2
{[%clk 1:30:39]} Nd5 {[%clk 1:32:15]} 8. Bxb4 {[%clk 1:30:20]} Ndxb4
{[%clk 1:32:38]} 9. O-O {[%clk 1:29:19]} Rb8 {[%clk 1:30:42]} 10. Nc3
{[%clk 1:29:02]} a6 {[%clk 1:30:04]} 11. Ne5 {[%clk 1:28:55]} O-O
{[%clk 1:30:05]} 12. Nxc6 {[%clk 1:29:05]} Nxc6 {[%clk 1:30:16]} 13. Bxc6
{[%clk 1:28:45]} bxc6 {[%clk 1:30:41]} 14. Qxc4 {[%clk 1:29:01]} Qd6
{[%clk 1:30:41]} 15. b3 {[%clk 1:27:18]} Rb4 {[%clk 1:27:20]} 16. Ne4
{[%clk 1:26:51]} Qxd4 {[%clk 1:27:36]} 17. Qxd4 {[%clk 1:26:24]} Rxd4
{[%clk 1:27:59]} 18. f3 {[%clk 1:26:19]} Rfd8 {[%clk 1:24:55]} 19. Rfc1
{[%clk 1:21:12]} Bb7 {[%clk 1:23:54]} 20. Kf2 {[%clk 1:16:29]} f6
{[%clk 1:20:58]} 21. Rc3 {[%clk 1:01:40]} e5 {[%clk 1:18:47]} 22. Ke1
{[%clk 0:54:08]} Kf7 {[%clk 1:15:18]} 23. Rb1 {[%clk 0:52:29]} Ke7
{[%clk 1:13:05]} 24. b4 {[%clk 0:47:40]} Rb8 {[%clk 1:04:16]} 25. a3
{[%clk 0:46:27]} Ba8 {[%clk 0:55:17]} 26. Rbc1 {[%clk 0:40:22]} Rd5
{[%clk 0:43:31]} 27. Nc5 {[%clk 0:38:29]} Rb6 {[%clk 0:41:18]} 28. Nb3
{[%clk 0:38:01]} Rd7 {[%clk 0:36:49]} 29. f4 {[%clk 0:31:59]} exf4
{[%clk 0:33:02]} 30. gxf4 {[%clk 0:32:07]} Kf7 {[%clk 0:31:26]} 31. e3
{[%clk 0:29:14]} Bb7 {[%clk 0:29:19]} 32. Nd4 {[%clk 0:26:56]} Rd5
{[%clk 0:23:02]} 33. Rc5 {[%clk 0:22:00]} Rxc5 {[%clk 0:22:37]} 34. Rxc5
{[%clk 0:22:13]} Ke7 {[%clk 0:21:34]} 35. h4 {[%clk 0:17:56]} g6 {[%clk 0:10:22]}
36. h5 {[%clk 0:15:14]} Bc8 {[%clk 0:08:20]} 37. h6 {[%clk 0:13:38]} Bd7
{[%clk 0:08:00]} 38. Kf2 {[%clk 0:13:08]} Kd6 {[%clk 0:05:46]} 39. e4
{[%clk 0:11:27]} Rb8 {[%clk 0:05:30]} 40. e5+ {[%clk 0:34:57]} fxe5
{[%clk 0:35:48]} 41. fxe5+ {[%clk 0:35:19]} Ke7 {[%clk 0:36:14]} 42. Nxc6+
{[%clk 0:33:49]} Bxc6 {[%clk 0:36:39]} 43. Rxc6 {[%clk 0:34:13]} Kd7
{[%clk 0:31:04]} 44. Rxa6 {[%clk 0:26:41]} Re8 {[%clk 0:31:14]} 45. Rf6
{[%clk 0:21:47]} Rxe5 {[%clk 0:31:07]} 46. Rf7+ {[%clk 0:21:46]} Kc6
{[%clk 0:12:06]} 47. Rxh7 {[%clk 0:21:47]} Rh5 {[%clk 0:12:33]} 48. Kg3
{[%clk 0:18:44]} Kb5 {[%clk 0:03:32]} 49. Rh8 {[%clk 0:16:09]} Kb6
{[%clk 0:01:55]} 50. Kg4 {[%clk 0:16:14]} Kb7 {[%clk 0:01:17]} 51. a4
{[%clk 0:14:30]} c6 {[%clk 0:01:06]} 52. h7 {[%clk 0:09:26]} Ka7 {[%clk 0:01:23]}
53. b5 {[%clk 0:07:14]} cxb5 {[%clk 0:01:37]} 54. axb5 {[%clk 0:07:39]} Kb7
{[%clk 0:01:39]} 55. b6 {[%clk 0:07:38]} Rh2 {[%clk 0:01:44]} 56. Kg5
{[%clk 0:07:59]} Rh1 {[%clk 0:02:07]} 57. Kf6 {[%clk 0:08:10]} g5
{[%clk 0:02:29]} 58. Kg7 {[%clk 0:08:17]} g4 {[%clk 0:02:53]} 59. Rg8
{[%clk 0:07:45]} 1-0

[Event "XXII Russian Chess Championship 2015 (men)"]
[Site "Sochi"]
[Date "2015.05.05"]
[Round "5.10"]
[White "Predke, Alexandr"]
[Black "Sergeyev, Alexander"]
[Result "1/2-1/2"]
[LiveChessVersion "1.4.4"]
[BlackElo "2380"]
[WhiteElo "2533"]
[BlackTeam "Yamal"]
[WhiteTeam "Zhiguli"]

1. e4 {[%clk 1:30:58]} e5 {[%clk 1:30:40]} 2. Nf3 {[%clk 1:31:23]} Nf6
{[%clk 1:31:01]} 3. Nxe5 {[%clk 1:31:45]} d6 {[%clk 1:31:27]} 4. Nf3
{[%clk 1:32:11]} Nxe4 {[%clk 1:31:50]} 5. Nc3 {[%clk 1:32:38]} Nxc3
{[%clk 1:30:12]} 6. dxc3 {[%clk 1:33:00]} Nd7 {[%clk 1:30:23]} 7. Be3
{[%clk 1:33:21]} Be7 {[%clk 1:30:39]} 8. Qd2 {[%clk 1:33:46]} Ne5
{[%clk 1:28:27]} 9. O-O-O {[%clk 1:33:58]} Nxf3 {[%clk 1:20:00]} 10. gxf3
{[%clk 1:32:16]} Be6 {[%clk 1:18:13]} 11. Kb1 {[%clk 1:18:04]} c6
{[%clk 1:14:36]} 12. Rg1 {[%clk 1:14:18]} Qa5 {[%clk 1:03:57]} 13. a3
{[%clk 1:14:05]} Bf6 {[%clk 0:56:56]} 14. Bd4 {[%clk 1:08:42]} O-O-O
{[%clk 0:47:48]} 15. Bxf6 {[%clk 1:07:31]} gxf6 {[%clk 0:48:12]} 16. Qh6
{[%clk 1:06:54]} Qc5 {[%clk 0:46:03]} 17. Qxf6 {[%clk 0:59:54]} Qxf2
{[%clk 0:44:17]} 18. Rg2 {[%clk 1:00:12]} Qc5 {[%clk 0:42:22]} 19. f4
{[%clk 0:48:42]} Rhg8 {[%clk 0:38:02]} 20. Rgd2 {[%clk 0:34:27]} Rg1
{[%clk 0:32:54]} 21. Bd3 {[%clk 0:29:44]} Rdg8 {[%clk 0:31:54]} 22. c4
{[%clk 0:26:15]} d5 {[%clk 0:11:01]} 23. f5 {[%clk 0:08:14]} dxc4
{[%clk 0:08:02]} 24. fxe6 {[%clk 0:08:06]} cxd3 {[%clk 0:08:02]} 25. Rxd3
{[%clk 0:07:25]} fxe6 {[%clk 0:07:42]} 26. Rd8+ {[%clk 0:05:21]} Kc7
{[%clk 0:08:05]} 27. Qf7+ {[%clk 0:04:35]} Kb6 {[%clk 0:08:28]} 28. Qxg8
{[%clk 0:04:25]} Rxg8 {[%clk 0:07:13]} 29. Rxg8 {[%clk 0:04:51]} Qf2
{[%clk 0:07:24]} 30. h3 {[%clk 0:04:24]} e5 {[%clk 0:06:52]} 31. Rg4
{[%clk 0:03:52]} Qe2 {[%clk 0:06:55]} 32. Rd3 {[%clk 0:02:33]} e4
{[%clk 0:04:11]} 33. Rb3+ {[%clk 0:02:57]} Kc5 {[%clk 0:04:12]} 34. Rg7
{[%clk 0:01:57]} a5 {[%clk 0:03:21]} 35. Rgxb7 {[%clk 0:01:48]} Qd1+
{[%clk 0:03:10]} 36. Ka2 {[%clk 0:02:14]} Qd5 {[%clk 0:03:20]} 37. a4
{[%clk 0:01:52]} Kd6 {[%clk 0:03:09]} 38. Rb8 {[%clk 0:00:59]} Kc7
{[%clk 0:02:51]} 39. R8b7+ {[%clk 0:00:49]} Kd6 {[%clk 0:03:15]} 40. Rb8
{[%clk 0:30:47]} Ke7 {[%clk 0:31:22]} 41. R8b7+ {[%clk 0:30:59]} Kf6
{[%clk 0:31:16]} 42. Rxh7 {[%clk 0:15:59]} e3 {[%clk 0:28:32]} 43. Rh8
{[%clk 0:16:25]} Kf7 {[%clk 0:28:14]} 44. Rh7+ {[%clk 0:16:30]} Kf6
{[%clk 0:27:47]} 45. Rh8 {[%clk 0:16:52]} Kf7 {[%clk 0:27:00]} 46. Rh7+
{[%clk 0:17:05]} Kf6 {[%clk 0:27:04]} 47. Rh8 {[%clk 0:17:25]} 1/2-1/2

[Event "XXII Russian Chess Championship 2015 (men)"]
[Site "Sochi"]
[Date "2015.05.05"]
[Round "5.21"]
[White "Zvjaginsev, Vadim"]
[Black "Timofeev, Artyom"]
[Result "1/2-1/2"]
[LiveChessVersion "1.4.4"]
[BlackElo "2534"]
[WhiteElo "2660"]
[BlackTeam "Ladya"]
[WhiteTeam "SHSM-Our Heritage"]

1. e4 {[%clk 1:30:52]} c5 {[%clk 1:30:46]} 2. Nf3 {[%clk 1:31:08]} e6
{[%clk 1:30:45]} 3. c3 {[%clk 1:31:16]} Nc6 {[%clk 1:30:48]} 4. d4
{[%clk 1:31:30]} d5 {[%clk 1:30:48]} 5. exd5 {[%clk 1:31:17]} exd5
{[%clk 1:31:05]} 6. Bb5 {[%clk 1:31:32]} Bd6 {[%clk 1:31:11]} 7. dxc5
{[%clk 1:31:52]} Bxc5 {[%clk 1:31:27]} 8. O-O {[%clk 1:32:18]} Nge7
{[%clk 1:31:23]} 9. Nbd2 {[%clk 1:32:40]} O-O {[%clk 1:30:58]} 10. Nb3
{[%clk 1:33:07]} Bd6 {[%clk 1:27:31]} 11. Bd3 {[%clk 1:32:09]} h6
{[%clk 1:26:58]} 12. h3 {[%clk 1:31:36]} Nf5 {[%clk 1:25:22]} 13. Re1
{[%clk 1:30:20]} Qf6 {[%clk 1:23:59]} 14. Bc2 {[%clk 1:28:43]} Rd8
{[%clk 1:20:20]} 15. Qd3 {[%clk 1:25:41]} g6 {[%clk 1:11:09]} 16. Bd2
{[%clk 1:11:13]} Bc7 {[%clk 0:47:38]} 17. c4 {[%clk 0:56:53]} Ne5
{[%clk 0:39:47]} 18. Nxe5 {[%clk 0:49:45]} Bxe5 {[%clk 0:40:10]} 19. cxd5
{[%clk 0:41:46]} Bxb2 {[%clk 0:38:18]} 20. Rab1 {[%clk 0:35:54]} Be6
{[%clk 0:37:27]} 21. Rxb2 {[%clk 0:29:51]} Qxb2 {[%clk 0:37:43]} 22. Bc3
{[%clk 0:30:01]} Qa3 {[%clk 0:38:02]} 23. Qe2 {[%clk 0:20:42]} Rxd5
{[%clk 0:32:51]} 24. Be4 {[%clk 0:21:05]} Rd7 {[%clk 0:28:37]} 25. Bxf5
{[%clk 0:19:53]} Bxf5 {[%clk 0:28:50]} 26. Qe5 {[%clk 0:17:14]} f6
{[%clk 0:28:59]} 27. Qxf6 {[%clk 0:17:24]} Kh7 {[%clk 0:29:13]} 28. Ba1
{[%clk 0:08:37]} Rf8 {[%clk 0:26:39]} 29. Qe5 {[%clk 0:06:47]} Qxa2
{[%clk 0:25:03]} 30. Nd4 {[%clk 0:05:19]} Rdf7 {[%clk 0:17:00]} 31. Nxf5
{[%clk 0:02:48]} gxf5 {[%clk 0:17:14]} 32. Bd4 {[%clk 0:02:10]} b6
{[%clk 0:15:54]} 33. Qd6 {[%clk 0:01:29]} Qd2 {[%clk 0:11:45]} 34. Re6
{[%clk 0:01:47]} Rg8 {[%clk 0:11:57]} 35. g3 {[%clk 0:01:50]} Qg5
{[%clk 0:11:04]} 36. Kh2 {[%clk 0:01:09]} Rg6 {[%clk 0:07:42]} 37. Qb8
{[%clk 0:01:22]} Rg8 {[%clk 0:08:03]} 38. Qd6 {[%clk 0:01:41]} Rg6
{[%clk 0:07:39]} 39. Qb8 {[%clk 0:02:08]} Rg8 {[%clk 0:08:01]} 1/2-1/2

[Event "XXII Russian Chess Championship 2015 (men)"]
[Site "Sochi"]
[Date "2015.05.06"]
[Round "6.6"]
[White "Murtazin, Bulat"]
[Black "Maletin, Pavel"]
[Result "1/2-1/2"]
[LiveChessVersion "1.4.4"]
[BlackElo "2587"]
[WhiteElo "2342"]
[BlackTeam "Siberia"]
[WhiteTeam "Ladya"]

1. d4 {[%clk 1:30:57]} Nf6 {[%clk 1:30:51]} 2. c4 {[%clk 1:31:21]} e6
{[%clk 1:31:13]} 3. Nf3 {[%clk 1:31:41]} Bb4+ {[%clk 1:30:12]} 4. Nbd2
{[%clk 1:32:00]} O-O {[%clk 1:27:10]} 5. a3 {[%clk 1:32:23]} Be7 {[%clk 1:27:23]}
6. e4 {[%clk 1:32:46]} d6 {[%clk 1:27:43]} 7. Bd3 {[%clk 1:32:55]} Nbd7
{[%clk 1:26:17]} 8. b4 {[%clk 1:33:16]} e5 {[%clk 1:26:26]} 9. Bb2
{[%clk 1:33:36]} exd4 {[%clk 1:24:12]} 10. Nxd4 {[%clk 1:33:57]} Re8
{[%clk 1:24:27]} 11. O-O {[%clk 1:33:00]} Bf8 {[%clk 1:20:37]} 12. f4
{[%clk 1:24:39]} a5 {[%clk 1:07:36]} 13. Nf5 {[%clk 0:41:50]} g6 {[%clk 1:04:30]}
14. Ne3 {[%clk 0:37:58]} Bg7 {[%clk 1:02:39]} 15. Qc2 {[%clk 0:36:23]} c6
{[%clk 0:59:15]} 16. Nb3 {[%clk 0:34:06]} axb4 {[%clk 0:50:39]} 17. axb4
{[%clk 0:34:29]} Rxa1 {[%clk 0:51:04]} 18. Bxa1 {[%clk 0:33:11]} Nf8
{[%clk 0:29:17]} 19. Kh1 {[%clk 0:32:49]} Ne6 {[%clk 0:26:18]} 20. c5
{[%clk 0:17:23]} dxc5 {[%clk 0:22:45]} 21. bxc5 {[%clk 0:17:32]} Nf8
{[%clk 0:14:49]} 22. Nc4 {[%clk 0:16:46]} Qe7 {[%clk 0:13:11]} 23. Nd6
{[%clk 0:16:31]} Rd8 {[%clk 0:13:35]} 24. Bc4 {[%clk 0:15:35]} Be6
{[%clk 0:13:28]} 25. f5 {[%clk 0:15:35]} Bxc4 {[%clk 0:12:21]} 26. Qxc4
{[%clk 0:16:04]} b5 {[%clk 0:11:45]} 27. Qc1 {[%clk 0:15:32]} N8d7
{[%clk 0:11:14]} 28. Na5 {[%clk 0:14:56]} Nxc5 {[%clk 0:09:27]} 29. Nxc6
{[%clk 0:11:09]} Qxd6 {[%clk 0:09:49]} 30. Nxd8 {[%clk 0:11:35]} Nfxe4
{[%clk 0:08:39]} 31. fxg6 {[%clk 0:11:25]} f6 {[%clk 0:08:28]} 32. Nb7
{[%clk 0:07:01]} Nxb7 {[%clk 0:08:45]} 33. Qc8+ {[%clk 0:07:28]} Nd8
{[%clk 0:09:01]} 34. gxh7+ {[%clk 0:07:54]} Kh8 {[%clk 0:08:54]} 35. Qf5
{[%clk 0:08:14]} Qe6 {[%clk 0:05:33]} 36. Qg6 {[%clk 0:04:02]} Nf7
{[%clk 0:02:56]} 37. Bd4 {[%clk 0:01:15]} Qd5 {[%clk 0:00:44]} 38. Bg1
{[%clk 0:01:08]} Qe6 {[%clk 0:00:34]} 39. h4 {[%clk 0:00:52]} Nfg5
{[%clk 0:00:39]} 40. Bh2 {[%clk 0:30:50]} Nxh7 {[%clk 0:30:44]} 41. Qf5
{[%clk 0:15:03]} Qxf5 {[%clk 0:28:41]} 42. Rxf5 {[%clk 0:15:27]} b4
{[%clk 0:27:54]} 43. Rf4 {[%clk 0:14:19]} f5 {[%clk 0:28:09]} 44. Rxf5
{[%clk 0:14:44]} b3 {[%clk 0:28:31]} 45. Rb5 {[%clk 0:14:32]} b2 {[%clk 0:28:25]}
46. Bf4 {[%clk 0:14:36]} Bc3 {[%clk 0:23:04]} 47. g4 {[%clk 0:13:12]} Nhf6
{[%clk 0:22:54]} 48. Kg2 {[%clk 0:13:38]} Nd5 {[%clk 0:22:44]} 49. Kf3
{[%clk 0:14:03]} Nc5 {[%clk 0:18:58]} 50. Bd2 {[%clk 0:12:50]} Bxd2
{[%clk 0:08:25]} 51. Rxb2 {[%clk 0:13:09]} Bc3 {[%clk 0:06:42]} 52. Rb5
{[%clk 0:13:16]} Bb4 {[%clk 0:05:37]} 53. Ke4 1/2-1/2

[Event "XXII Russian Chess Championship 2015 (men)"]
[Site "Sochi"]
[Date "2015.05.06"]
[Round "6.15"]
[White "Frolyanov, Dmitry"]
[Black "Dominguez Perez, Leinier"]
[Result "1/2-1/2"]
[LiveChessVersion "1.4.4"]
[BlackElo "2734"]
[WhiteElo "2569"]
[BlackTeam "The Bronze Horseman"]
[WhiteTeam "Zhiguli"]

1. e4 {[%clk 1:30:55]} c5 {[%clk 1:30:29]} 2. Nf3 {[%clk 1:31:19]} d6
{[%clk 1:30:52]} 3. d4 {[%clk 1:31:45]} cxd4 {[%clk 1:31:16]} 4. Nxd4
{[%clk 1:32:11]} Nf6 {[%clk 1:31:38]} 5. Nc3 {[%clk 1:32:37]} a6 {[%clk 1:32:02]}
6. Bg5 {[%clk 1:32:53]} Nbd7 {[%clk 1:30:29]} 7. Qe2 {[%clk 1:31:44]} h6
{[%clk 1:28:56]} 8. Bh4 {[%clk 1:31:50]} b5 {[%clk 1:02:45]} 9. f4
{[%clk 1:26:40]} g5 {[%clk 0:52:26]} 10. fxg5 {[%clk 1:24:19]} hxg5
{[%clk 0:52:50]} 11. Bxg5 {[%clk 1:23:26]} Bb7 {[%clk 0:39:25]} 12. O-O-O
{[%clk 1:21:12]} Qa5 {[%clk 0:31:49]} 13. Nb3 {[%clk 1:02:37]} Qc7
{[%clk 0:31:49]} 14. Nd5 {[%clk 0:50:04]} Nxd5 {[%clk 0:31:27]} 15. exd5
{[%clk 0:50:27]} Nb6 {[%clk 0:31:17]} 16. g3 {[%clk 0:46:13]} Bg7
{[%clk 0:27:00]} 17. Nd4 {[%clk 0:42:28]} Nxd5 {[%clk 0:23:48]} 18. Bg2
{[%clk 0:41:26]} Be5 {[%clk 0:21:56]} 19. Kb1 {[%clk 0:37:37]} e6
{[%clk 0:18:31]} 20. h4 {[%clk 0:35:22]} Rc8 {[%clk 0:18:01]} 21. Rhf1
{[%clk 0:34:22]} Qc4 {[%clk 0:15:30]} 22. Qf2 {[%clk 0:33:02]} Rc7
{[%clk 0:15:26]} 23. Bxd5 {[%clk 0:30:31]} Bxd5 {[%clk 0:15:38]} 24. b3
{[%clk 0:30:51]} Qc5 {[%clk 0:15:39]} 25. Rfe1 {[%clk 0:22:39]} f5
{[%clk 0:08:08]} 26. Bf4 {[%clk 0:17:58]} Be4 {[%clk 0:06:03]} 27. Bxe5
{[%clk 0:16:24]} Qxe5 {[%clk 0:06:30]} 28. g4 {[%clk 0:13:58]} Kd7
{[%clk 0:06:59]} 29. gxf5 {[%clk 0:13:01]} exf5 {[%clk 0:07:24]} 30. Rd2
{[%clk 0:12:03]} Kc8 {[%clk 0:07:06]} 31. Nf3 {[%clk 0:07:18]} Qc5
{[%clk 0:05:46]} 32. Nd4 {[%clk 0:06:33]} Rch7 {[%clk 0:03:42]} 33. Nf3
{[%clk 0:05:00]} Qxf2 {[%clk 0:02:30]} 34. Rxf2 {[%clk 0:05:24]} d5
{[%clk 0:01:50]} 35. Rg1 {[%clk 0:05:16]} Kc7 {[%clk 0:01:11]} 36. Rg6
{[%clk 0:04:35]} Rh6 {[%clk 0:01:26]} 37. Rg7+ {[%clk 0:04:51]} Kb6
{[%clk 0:01:11]} 38. Kb2 {[%clk 0:04:43]} R8h7 {[%clk 0:01:34]} 39. Rg8
{[%clk 0:04:36]} Rh8 {[%clk 0:01:30]} 40. Rg7 {[%clk 0:34:59]} R8h7
{[%clk 0:31:34]} 41. Rg8 {[%clk 0:35:22]} Rc7 {[%clk 0:27:28]} 42. Rf8
{[%clk 0:33:34]} Rcc6 {[%clk 0:19:56]} 43. Rf7 {[%clk 0:19:59]} Rcf6
{[%clk 0:18:15]} 44. Rg7 {[%clk 0:16:07]} Rfg6 {[%clk 0:16:54]} 45. Rf7
{[%clk 0:16:18]} Rf6 {[%clk 0:16:29]} 46. Rg7 {[%clk 0:16:43]} Kc5
{[%clk 0:16:11]} 47. Rg5 {[%clk 0:11:03]} Rfg6 {[%clk 0:08:53]} 48. Ne5
{[%clk 0:10:44]} Rxg5 {[%clk 0:07:22]} 49. hxg5 {[%clk 0:11:09]} Rh1
{[%clk 0:05:40]} 50. g6 {[%clk 0:08:41]} Rg1 {[%clk 0:05:37]} 51. Nd3+
{[%clk 0:06:54]} Kd4 {[%clk 0:03:40]} 52. Nf4 {[%clk 0:07:15]} Ke5
{[%clk 0:02:54]} 53. Kc3 {[%clk 0:05:51]} d4+ {[%clk 0:02:34]} 54. Kb4
{[%clk 0:06:11]} Bxc2 {[%clk 0:01:27]} 55. Ng2 {[%clk 0:02:30]} Be4
{[%clk 0:01:36]} 56. g7 {[%clk 0:02:54]} Bd5 {[%clk 0:02:03]} 57. Re2+
{[%clk 0:03:12]} Kf6 {[%clk 0:01:19]} 58. Kc5 {[%clk 0:03:35]} Bf7
{[%clk 0:01:05]} 59. Kxd4 {[%clk 0:03:47]} Rd1+ {[%clk 0:01:09]} 60. Kc5
{[%clk 0:04:03]} Kxg7 {[%clk 0:01:22]} 61. Ne3 {[%clk 0:03:27]} Rc1+
{[%clk 0:01:51]} 62. Kb6 {[%clk 0:02:54]} f4 {[%clk 0:02:20]} 63. Kxa6
{[%clk 0:03:01]} fxe3 {[%clk 0:02:00]} 64. Rxe3 {[%clk 0:03:12]} Rc5
{[%clk 0:02:09]} 65. Kb6 {[%clk 0:03:08]} Rf5 {[%clk 0:02:39]} 66. a4
{[%clk 0:03:25]} bxa4 {[%clk 0:02:58]} 67. bxa4 {[%clk 0:03:51]} Bc4
{[%clk 0:02:32]} 68. Re4 {[%clk 0:03:06]} Bf1 {[%clk 0:02:55]} 69. Re1
{[%clk 0:03:10]} Kf8 {[%clk 0:02:19]} 70. a5 {[%clk 0:03:00]} Rf6+
{[%clk 0:02:45]} 71. Kc7 {[%clk 0:03:17]} Bg2 {[%clk 0:02:58]} 72. Re2
{[%clk 0:03:06]} Ba8 {[%clk 0:02:59]} 73. Re5 {[%clk 0:03:22]} Ra6
{[%clk 0:02:48]} 74. Rf5+ {[%clk 0:03:26]} Ke7 {[%clk 0:03:12]} 75. Re5+
{[%clk 0:03:52]} Kf6 {[%clk 0:03:38]} 76. Rb5 {[%clk 0:04:12]} Ke5 1/2-1/2